Countries Mentioned In "We Didn't Start the Fire" - Statistics

General Stats
  • This quiz has been taken 23 times
  • The average score is 9 of 12
Answer Stats
Country? Lyric Answer % Correct
Demonym for a UN Member Country Lawrence of Arabia, _____ BeatlemaniaPope Paul, Malcolm X, _____ politician sex British
94%
UN Member Country Harry Truman, Doris Day, Red _____, Johnnie RayHypodermics on the shore, _____'s under martial law China
94%
UN Member Country Ayatollah's in _____, (Answer below) in (Answer two below) Iran
89%
Demonym for a UN Member Country Ayatollah's in (Answer above), _____ in (Answer below) Russians
89%
Constituent Country Eisenhower, vaccine, _____'s got a new queen England
83%
Part of a UN Member Country's name Chubby Checker, Psycho, (Answer above) in the _____ Congo
72%
UN Member Country Ayatollah's in (Answer two above), (Answer above) in _____ Afghanistan
67%
Non-Member Observer State Begin, Reagan, _____, terror on the airline Palestine
67%
UN Member Country (Answer above), _____, Marilyn Monroe South Korea
61%
Demonym for a UN Member Country Chubby Checker, Psycho, _____ in the (Answer below) Belgians
56%
UN Member Country _____, (Answer below), Marilyn Monroe North Korea
56%
UN Member Country _____, Charles de Gaulle, California baseball Lebanon
39%
No matching quizzes found
Score Distribution
Percent of People with Each Score
Percentile by Number Answered
Your Score History
You have not taken this quiz